000 00591nam a2200241Ia 4500
003 OSt
005 20221005122516.0
006 a|||||r|||| 00| 0
007 ta
008 221004b |||||||| |||| 00| 0 tam d
024 _a48732
037 _cTextual
040 _aCRL
_cCRL
_btam
041 _2tam
_atam
082 _aO31,1M91x, J8
100 _aBharathidasan
_9197613
245 0 _aKadhal ninaivugal
260 _c1958
300 _a48p.
_ccm.
650 _aTAMIL LANGUAGE
942 _hO31,1M91x, J8
_cTEXL
_2cc
999 _c1044514
_d1044514